00850 2200289 4500001002100000005001500021035002000036007000300056008004100059020001800100082001400118084001600132100002400148245006600172250003600238300004700274650002000321504003300341264003800374336002100412337003000433338002300463040002200486850001200508990002000520990002000540INLIS00000000088306220231107105212 a0010-1123000141ta231107s2005 yoia g 000 | ind d a979-99872-2-904223a658.5 a658.5 SUM m0 aSumardjoePengarang10aManajemen logistik peralatan kerja dan alat berat /cSumardjo aCetakan Pertama, September 2005 axvi, 214 halaman :bgambar, tabel ;c22 cm 4aLogistik bisnis aBibliografi: halaman 213-21431aJakarta :bBP. Panca Usaha,c2005 2rdacontentateks 2rdamediaatanpa perantara 2rdacarrieravolume aYOPDYOGbinderda aYOPDYOG a71680-PD/A.2023 a71681-PD/A.2023